00680nam a22001577a 4500020001800000082001400018100003200032245010300064260003200167300001400199650007800213942000700291999001900298952010800317952009700425 a9783319669984 a629.8 TZA aTzafestas, Spyros G.969525 aEnergy, information, feedback, and self-organization: the fundamental elements of life and society aSwitzerlandbSpringerc2018 axxi,668 P aIntelligent System, Control and Automation:Science and Engineering969526 cBK c576767d576767 00104070aCEMEbCEMEcGENd2019-08-05l0o629.8 TZA (RES COP)pCEME-49583r2021-06-28w2021-06-28yBK 00104070aCEMEbCEMEcGENd2019-10-15l0o629.8 TZApSCB-49583r2021-06-28w2021-06-28yBK